| 000 | 00488nam a2200181 a 4500 | ||
|---|---|---|---|
| 005 | 20230328063517.0 | ||
| 008 | 991125 1991 mx 000 0 spa u | ||
| 020 | _a9682442079 | ||
| 035 | _aUPN01000053802 | ||
| 049 | _aCG | ||
| 050 | 4 |
_aHV1669 _bR6.8 |
|
| 100 | 1 | _aRobles, Ignacio L. | |
| 245 | 1 | 3 |
_aEl sistema Braille / _cIgnacio L. Robles. |
| 260 |
_aMéxico : _bTrillas, _c1991. |
||
| 300 | _a111 p. | ||
| 650 | 2 |
_aCiegos _xSistemas de impresión y escritura _93975 |
|
| 905 | _aLibro | ||
| 999 |
_c53802 _d53802 |
||